| 000 | 00711nam a2200229Ii 4500 | ||
|---|---|---|---|
| 003 | JO-AjNU | ||
| 008 | 230605s9999||||xx |||||||||||||| ||und|| | ||
| 017 | _a2003/12/2465 | ||
| 020 | _a9957-37-008-1 | ||
| 040 |
_aJO-AjNU _bara _erda _cJO-AjNU |
||
| 041 | _aara | ||
| 050 | 1 | 4 | _aAG196.A7.2004 |
| 100 | 3 |
_aعبد الرازق،يحيى, _eauthor _97506 |
|
| 245 | 0 | 0 | _aكيف تربح المليون |
| 250 | _aط1 | ||
| 264 | 3 | 1 | _aعمان:الرواد للطباعة والنشر والتوزيع،2004 |
| 300 | _a80ص | ||
| 336 |
_atext _btxt _2rdacontent |
||
| 337 |
_aunmediated _bn _2rdamedia |
||
| 338 |
_avolume _bnc _2rdacarrier |
||
| 650 | 4 |
_aثقافة-مسابقات-اسئلة واجوبة _97507 |
|
| 999 |
_aA313 _c3881 _d3881 |
||